000 00618nam a2200229Ia 4500
003 OSt
005 20220928144116.0
006 a|||||r|||| 00| 0
007 ta
008 220927b |||||||| |||| 00| 0 eng d
024 _a24351
037 _cTextual
040 _aSDCL
_cSDCL
_beng
041 _2eng
_aeng
082 _aG:5, N3
100 _aMcDonnell Mark J Ed.
_9506995
245 0 _aHumans as components of ecosystems.
260 _c1993
700 _a Pickett Steward T A Ed.
_9506996
942 _hG:5, N3
_cTEXL
_2CC
999 _c826265
_d826265